National workshop on the relationship between mangrove rehabilitation and coastal aquaculture in Vietnam, Hue City, 31 October - 2 November 1996 : Sponsored by action for mangrove reforestation (ACTMANG), Japan

Contents: The relationship between the mangrove ecosystem and aquaculture; techniques on planting tending and management mangroves; the socio-economic situation in mangrove areas.

সংরক্ষণ করুন:
গ্রন্থ-পঞ্জীর বিবরন
বিন্যাস: গ্রন্থ
ভাষা:Undetermined
প্রকাশিত: Hà Nội Cres &Actmang 1996
বিষয়গুলি:
ট্যাগগুলো: ট্যাগ যুক্ত করুন
কোনো ট্যাগ নেই, প্রথমজন হিসাবে ট্যাগ করুন!
Thư viện lưu trữ: Trung tâm Học liệu Trường Đại học Cần Thơ
LEADER 00925nam a2200193Ia 4500
001 CTU_143969
008 210402s9999 xx 000 0 und d
082 |a 639.3 
082 |b N277 
245 0 |a National workshop on the relationship between mangrove rehabilitation and coastal aquaculture in Vietnam, Hue City, 31 October - 2 November 1996 : Sponsored by action for mangrove reforestation (ACTMANG), Japan 
245 0 |c Phan Nguyet Anh, Jaap T. Brands, Phan Nguyen Hong editor 
260 |a Hà Nội 
260 |b Cres &Actmang 
260 |c 1996 
520 |a Contents: The relationship between the mangrove ecosystem and aquaculture; techniques on planting tending and management mangroves; the socio-economic situation in mangrove areas. 
650 |a Aquaculture,Nuôi trồng thuỷ sản 
650 |z Vietnam,Việt Nam 
904 |i Tuyến 
980 |a Trung tâm Học liệu Trường Đại học Cần Thơ